Fuzzy sets and their extensions: representation, aggregation and models : intelligent systems from decision making to data mining, web intelligence and computer vision

Αποθηκεύτηκε σε:
Λεπτομέρειες βιβλιογραφικής εγγραφής
Άλλοι συγγραφείς: Bustince, Humberto (Επιμελητής έκδοσης), Herrera, F. (Francisco) (Επιμελητής έκδοσης), Montero, Javier (Επιμελητής έκδοσης)
Μορφή: Βιβλίο
Γλώσσα:English
Δημοσίευση: Berlin : Springer, c2008
Σειρά:Studies in fuzziness and soft computing ; ; 220
Θέματα:
Ετικέτες: Προσθήκη ετικέτας
Δεν υπάρχουν, Καταχωρήστε ετικέτα πρώτοι!

MARC

LEADER 00000nam a2200000 i 4500
001 1/80003
008 080402s2008 eng d
020 |a 978-3-540-73722-3 
035 |l 10096104 
040 |a GR-MY-UA  |b gre  |e aacr 
041 0 |a eng 
082 0 |a 006.3015113223  |2 (22) 
245 1 0 |a Fuzzy sets and their extensions: representation, aggregation and models :  |b intelligent systems from decision making to data mining, web intelligence and computer vision /  |c Humberto Bustince, Francisco Herrera, Javier Montero editors 
260 |a Berlin :   |b Springer,   |c c2008 
300 |a xx, 674 σ.;  |b πίν., σχέδια;  |c 24 εκ. 
490 1 |a Studies in fuzziness and soft computing  |v ; 220 
504 |a Περιλαμβάνει βιβλιογραφικές παραπομπές 
650 0 0 |a Fuzzy sets. 
650 0 0 |a Data mining. 
650 0 0 |a Computer vision. 
700 1 |a Bustince, Humberto.  |4 edt 
700 1 |a Herrera, F.  |q (Francisco)  |4 edt 
700 1 |a Montero, Javier.  |4 edt 
830 0 |a Studies in fuzziness and soft computing ;  |v ; 220 
852 |a INST  |b CHIOS  |e 20080402  |h 006.3015113223 FUZ  |p 005200027504  |q 005200027504  |t BK  |y 0 
901 |a BIBL2-2008-1 
909 |a Χ  |b 151321 
922 |a 2ΕΛΗ  |b 200803  |c ΕΠΕΑΕΚ2/ΤΜΟΔ  |d ΠΑΠΑΣΩΤΗΡΙΟΥ 
970 |a ΒΑΣΙΛΑΚΗ  |b ΝΙΚΗ  |z 2008/04/02